000 00321 a2200157 4500
001 56923
020 _a8532512518
040 _cAnchieta - Pituba
100 _aApplegate, K. A.
240 1 0 _aO predador
_lpor
245 1 0 _aO predador
300 _a127
362 0 _a2001
650 4 _aLiteratura juvenil
942 _cBK
999 _c56923
_d56923